Apples from Shinar /

Gardado en:
Detalles Bibliográficos
Autor Principal: Plutzik, Hyam
Formato: Libro
Idioma:English
Publicado: Middletown, Conn. : Wesleyan U.P., 1959.
LEADER 00703nam a22001931 4500
001 c000350013
003 CARM
005 00000000000000.0
008 851003s1959 ctu 0 eng d
019 1 |a 3993449  |z 64944275  |5 LACONCORD2021 
035 |a (OCoLC)217226848  |5 LACONCORD2021 
100 1 |a Plutzik, Hyam. 
245 1 0 |a Apples from Shinar /  |c a book of poems by H.Plutzik. 
260 |a Middletown, Conn. :  |b Wesleyan U.P.,  |c 1959. 
300 |a 59p. 
852 8 |b CARM  |h A1:AM31D0  |i C10243  |p 0438228  |f BK 
082 0 4 |a 811.5 
999 f f |i 2b99e342-0ba9-5434-9991-70d83f74e866  |s f6d24161-3088-5ea1-918c-469179501afb 
952 f f |p Can circulate  |a CAVAL  |b CAVAL  |c CAVAL  |d CARM 1 Store  |e C10243  |f A1:AM31D0  |h Other scheme  |i book  |m 0438228